000 00287nam a22001337a 4500
008 170925b xxu||||| |||| 00| 0 eng d
020 _a9780534612672
041 _aeng
080 _23RD
_a37
100 _a46
101 _aEDU
245 _aGROUP TECHNIQUES
_cCOREY,G
942 _2udc
_cBK
999 _c29595
_d29595